AH International Schools' Libraries

(KHMER) The sun reduces its heat / (Record no. 49908)

MARC details
000 -LEADER
fixed length control field 00306nam a2200109 4500
100 ## - MAIN ENTRY--PERSONAL NAME
Personal name Kem, Lyheang
9 (RLIN) 87009
245 ## - TITLE STATEMENT
Title (KHMER) The sun reduces its heat /
Statement of responsibility, etc Lyheang Kem
260 ## - PUBLICATION, DISTRIBUTION, ETC. (IMPRINT)
Place of publication, distribution, etc Cambodia
Name of publisher, distributor, etc Under the Roof
Date of publication, distribution, etc 2024
300 ## - PHYSICAL DESCRIPTION
Extent 20 p.
Other physical details col. ill.
Dimensions 26 cm.
650 ## - SUBJECT ADDED ENTRY--TOPICAL TERM
Topical term or geographic name as entry element Khmer Fiction
9 (RLIN) 80279
942 ## - ADDED ENTRY ELEMENTS (KOHA)
Source of classification or shelving scheme
Koha item type Book
Holdings
Withdrawn status Lost status Source of classification or shelving scheme Damaged status Not for loan Collection code Home library Current library Shelving location Date acquired Total Checkouts Full call number Barcode Date last seen Price effective from Koha item type
          Siem Riep Asian Hope Siem Reap Asian Hope Siem Reap SECONDARY 12/09/2025   KHMER E KEM 209748 12/09/2025 12/09/2025 Book

For any Logos Library related questions please contact Miss Art at swongnarasuk@asianhope.org.

For any Asian Hope Library related questions please contact Miss Raza at graza@asianhope.org.

Powered by Koha